Score 0/13 Timer 20:00
0 Plays Today
% Correct
Orla
80%
Paul
75.6%
Dan
73.3%
Fintan
68.9%
Saffy
66.7%
Polly
64.4%
Peter
60%
Fizz
57.8%
Milo
57.8%
Demelza
51.2%
Henry
51.1%
Lindsay
46.7%
Amy
39%
Remove Ads.
Support Sporcle.
Get the best of Sporcle when you Go Orange. This ad-free experience offers more features, more stats, and more fun while also helping to support Sporcle. Thank you for becoming a member.

You're not logged in!

Compare scores with friends on all Sporcle quizzes.
OR
Log In

Show Comments

Extras

Created Jan 9, 2015ReportNominate
Tags:Banter, cool, Family, Rooney, Swag

Top Quizzes Today


Score Distribution

Your Account Isn't Verified!

In order to create a playlist on Sporcle, you need to verify the email address you used during registration. Go to your Sporcle Settings to finish the process.

Report this User

Report this user for behavior that violates our Community Guidelines.

Details: